000 01076nam a22002177a 4500
001 8678
003 FISKH
005 20260203155021.0
008 251010b cb ||||| |||| 00| 0 eng d
020 _a9781107638228
040 _aFISKH
_beng
_cFISKH
_dFISKH
082 _a510
100 _aLow, Emma
245 _aCambridge primary Mathematics learner’s book 5 /
_cEmma Low
260 _aNew York :
_bCambridge,
_c2014.
300 _a127 pages :
_bcolor illustrations ;
_c28 cm
520 _aThis Learner’s Book is part of the Cambridge Primary Mathematics series and is aligned with the Cambridge Primary and Lower Secondary curriculum frameworks. It is designed to help students (around Grade/Stage 5) develop mathematical thinking, fluency, reasoning, and problem-solving skills. The book uses clear diagrams, worked examples, vocabulary support, investigations and projects, and progressively more challenging exercises.
650 _aMathematics
_vLearner’s Textbook
_xCambridge Primary Mathematics
_yPrimary Education
942 _2ddc
_cBK
_n0
999 _c8678
_d8678